| 000 | 00859nam a22002057a 4500 | ||
|---|---|---|---|
| 003 | OSt | ||
| 005 | 20250827104423.0 | ||
| 008 | 240308b ||||| |||| 00| 0 eng d | ||
| 040 | _c0 | ||
| 082 | _aDPer 621.317 Ie21 July 2022 v.37 n. 7 | ||
| 100 |
_aDinkel, Daniel. _eauthor. _954112 |
||
| 245 |
_aDirect multivariable control for modular multilevel converters / _cDaniel Dinkel, Claus Hillermeier, and Rainer Marquardt. |
||
| 260 |
_aNew York ; _bThe Institute of Electrical and Electronics Engineers, Inc. , _cJuly 2022. |
||
| 300 |
_avolume 37, pages 7819-7833 : _billustration ; _c28 cm. |
||
| 500 | _aIEEE Transactions on Power Electronics, vol. 37, no. 7, pages 7819-7833, July 2022. | ||
| 700 |
_aDinkel, Daniel. _eauthor. _954112 |
||
| 700 |
_aHillermeier, Claus. _eauthor. _954113 |
||
| 700 |
_aMarquardt, Rainer. _eauthor. _954114 |
||
| 942 |
_2ddc _cPER |
||
| 999 |
_c19549 _d19549 |
||